Corrientes de la educación superior en América (Record no. 51600)

MARC details
000 -LEADER
fixed length control field 00920cam a22002651 4500
001 - CONTROL NUMBER
control field pa 67000006
003 - CONTROL NUMBER IDENTIFIER
control field DLC
005 - DATE AND TIME OF LATEST TRANSACTION
control field 20260227111857.0
008 - FIXED-LENGTH DATA ELEMENTS--GENERAL INFORMATION
fixed length control field 920221s1966 dcua 000 0 spa
010 ## - LIBRARY OF CONGRESS CONTROL NUMBER
LC control number pa 67000006
035 ## - SYSTEM CONTROL NUMBER
System control number (OCoLC)25577119
040 ## - CATALOGING SOURCE
Original cataloging agency DLC
Transcribing agency NNC-L
Modifying agency OAkU
-- DLC
042 ## - AUTHENTICATION CODE
Authentication code premarc
043 ## - GEOGRAPHIC AREA CODE
Geographic area code cl-----
050 00 - LIBRARY OF CONGRESS CALL NUMBER
Classification number LA543
Item number .C68
110 2# - MAIN ENTRY--CORPORATE NAME
Corporate name or jurisdiction name as entry element Pan American Union.
Subordinate unit Department of Educational Affairs.
245 10 - TITLE STATEMENT
Title Corrientes de la educación superior en América
Remainder of title [por Carlos Tünnermann Bernheim, et al.]
260 ## - PUBLICATION, DISTRIBUTION, ETC.
Place of publication, distribution, etc. Washington,
Name of publisher, distributor, etc. Departmento de Asuntes Educativos Unión Panamericana,
Date of publication, distribution, etc. 1966.
300 ## - PHYSICAL DESCRIPTION
Extent vi, 122 p.
Other physical details illus.
Dimensions 28 cm.
440 #0 - SERIES STATEMENT/ADDED ENTRY--TITLE
Title Corrientes de la educación en América,
Volume/sequential designation 3
500 ## - GENERAL NOTE
General note Last paper by R. C. Gibson in English.
650 #0 - SUBJECT ADDED ENTRY--TOPICAL TERM
Topical term or geographic name entry element Education, Higher.
650 #0 - SUBJECT ADDED ENTRY--TOPICAL TERM
Topical term or geographic name entry element Education, Higher
Geographic subdivision Latin America.
700 2# - ADDED ENTRY--PERSONAL NAME
Personal name Tünnermann Bernheim, Carlos,
Dates associated with a name 1933-

No items available.

Powered by Koha